000 01001cam a2200229 4500
001 WB@3612-332
008 040908n2004 000 0 eng u
035 _a(Sirsi) u127295
245 _aPublic sector procurement
260 _c2004
490 _aippr Press Release
_v1 September 2004 (2)
520 _a"Three steps forward two steps back: reforming PPP policy" has been published by the Institute for Public Policy Research. The report says that more change is needed to improve the process by which government chooses PFI. It argues that there is still no level playing field between the PFI and conventional public sector procurement when deciding how to finance new public buildings. http://www.ippr.org.uk/press/index.php?release=336
590 _aWB
590 _aWB
650 _aPROCUREMENT CONTRACTS
650 _aPFI CONTRACTS
650 _aPUBLIC SERVICES
650 _aPUBLIC PROCUREMENT
650 _aPUBLIC PRIVATE PARTNERSHIPS
690 _aFINANCE-PFI
942 _n0
999 _c117975
_d117975